United States Presidential Nicknames - Statistics

General Stats
  • This quiz has been taken 44 times
  • The average score is 10 of 20
Answer Stats
Nickname President % Correct
Honest Abe Abraham Lincoln
97%
JFK John F. Kennedy
97%
Ike Dwight D. Eisenhower
87%
Sage of Monticello Thomas Jefferson
69%
Old Hickory Andrew Jackson
67%
Blue Whiskey Van Martin Van Buren
51%
Teflon President Ronald Reagan
51%
Professor Woodrow Wilson
51%
Handsome Frank Franklin Pierce
49%
Old Rough and Ready Zachary Taylor
49%
His Accidency John Tyler
44%
The Comeback Kid Bill Clinton
41%
Snowflake-in-Chief Donald Trump
38%
His Fraudulency Rutherford B. Hayes
38%
His Rotundity John Adams
33%
American Cincinnatus George Washington
31%
Uncle Jumbo Grover Cleveland
31%
That Man in the White House Franklin D. Roosevelt
23%
Idol of Ohio William McKinley
23%
Rufus Cornpone Lyndon B. Johnson
18%
No matching quizzes found
Score Distribution
Percent of People with Each Score
Percentile by Number Answered
Your Score History
You have not taken this quiz